Service sector hopeful of upturn (Record no. 73914)

MARC details
000 -LEADER
fixed length control field 00918cam a2200193 4500
001 - CONTROL NUMBER
control field WB3946-06
008 - FIXED-LENGTH DATA ELEMENTS--GENERAL INFORMATION
fixed length control field 031202n2003 000 0 eng u
035 ## - SYSTEM CONTROL NUMBER
System control number (Sirsi) u124551
245 ## - TITLE STATEMENT
Title Service sector hopeful of upturn
260 ## - PUBLICATION, DISTRIBUTION, ETC.
Date of publication, distribution, etc. 2003
490 ## - SERIES STATEMENT
Series statement CBI News Release
Volume/sequential designation 28 November 2003 (3)
520 ## - SUMMARY, ETC.
Summary, etc. The latest quarterly survey by the CBI and Grant Thornton shows confidence increasing for the first time since May 2002 among consumer services firms, such as hotels restaurants.Confidence also rose for the second successive quarter among business and professional services firms such as computer consultants and employment agencies. http://www.cbi.org.uk/ndbs/press.nsf/0363c1f07c6ca12a8025671c00381cc7/d985b32c820655ba80256de5003eebf8?OpenDocument.
590 ## - LOCAL NOTE (RLIN)
Local note WB
650 ## - SUBJECT ADDED ENTRY--TOPICAL TERM
Topical term or geographic name entry element SERVICE SECTOR
650 ## - SUBJECT ADDED ENTRY--TOPICAL TERM
Topical term or geographic name entry element BUSINESS CONFIDENCE
650 ## - SUBJECT ADDED ENTRY--TOPICAL TERM
Topical term or geographic name entry element STATISTICS
690 ## - LOCAL SUBJECT ADDED ENTRY--TOPICAL TERM (OCLC, RLIN)
Topical term or geographic name as entry element ECONOMIC ISSUES
942 ## - ADDED ENTRY ELEMENTS (KOHA)
Suppress in OPAC 0
Holdings
Withdrawn status Lost status Source of classification or shelving scheme Damaged status Not for loan Home library Current library Shelving location Date acquired Total Checkouts Full call number Barcode Date last seen Copy number Price effective from Koha item type
    Dewey Decimal Classification     London London News article 02/12/2003   WB3946-06 124551-1001 06/08/2019 1 06/08/2019 News article